书目信息 |
| 题名: |
能源工程管理
|
|
| 作者: | 任有中 主编 | |
| 分册: | ||
| 出版信息: | 北京 中国电力出版社 2018.10 |
|
| 页数: | 237页 | |
| 开本: | 26cm | |
| 丛书名: | “十三五”普通高等教育本科规划教材 | |
| 单 册: | ||
| 中图分类: | TK01 | |
| 科图分类: | ||
| 主题词: | 能源--neng yuan--工程管理--高等教育--教材 | |
| 电子资源: | ||
| ISBN: | 978-7-5198-1894-4 | |
| 000 | 01146nam 2200289 450 | |
| 001 | 202019135230 | |
| 005 | 20191007123107.0 | |
| 010 | @a978-7-5198-1894-4@dCNY38.00 | |
| 100 | @a20191003d2018 em y0chiy50 ea | |
| 101 | 0 | @achi |
| 102 | @aCN@b110000 | |
| 105 | @aak a 000yy | |
| 106 | @ar | |
| 200 | 1 | @a能源工程管理@Aneng yuan gong cheng guan li@f主编任有中 |
| 205 | @a第2版 | |
| 210 | @a北京@c中国电力出版社@d2018.10 | |
| 215 | @a237页@c图@d26cm | |
| 225 | 2 | @a“十三五”普通高等教育本科规划教材@A“ shi san wu ” pu tong gao deng jiao yu ben ke gui hua jiao cai |
| 320 | @a有书目 (第237页) | |
| 330 | @a本书为“十三五”普通高等教育本科规划教材, 是为学习和掌握能源企业管理方面的基础知识而编写的。全书共分七章, 主要内容包括能源技术知识 (能源知识概述、能源的转换与利用以及节能技术) , 一般工业企业管理知识, 技术经济分析基础等。 | |
| 333 | @a普通高等教育“十一五”国家级规划教材 | |
| 410 | 0 | @12001 @a“十三五”普通高等教育本科规划教材 |
| 606 | 0 | @a能源@Aneng yuan@x工程管理@x高等教育@j教材 |
| 690 | @aTK01@v5 | |
| 701 | 0 | @a任有中@Aren you zhong@4主编 |
| 801 | 0 | @aCN@c20190905 |
| 905 | @a河南城建学院图书馆@dTK01@eR579=2 | |
| 能源工程管理/主编任有中.-第2版.-北京:中国电力出版社,2018.10 |
| 237页:图;26cm.-(“十三五”普通高等教育本科规划教材) |
| 使用对象:普通高等教育“十一五”国家级规划教材 |
| ISBN 978-7-5198-1894-4:CNY38.00 |
| 本书为“十三五”普通高等教育本科规划教材, 是为学习和掌握能源企业管理方面的基础知识而编写的。全书共分七章, 主要内容包括能源技术知识 (能源知识概述、能源的转换与利用以及节能技术) , 一般工业企业管理知识, 技术经济分析基础等。 |
| ● |
| 相关链接 |
|
|
|
正题名:能源工程管理
索取号:TK01/R579=2
 
预约/预借
| 序号 | 登录号 | 条形码 | 馆藏地/架位号 | 状态 | 备注 |
| 1 | 1443830 | 214438303 | 自科库501/501自科库 135排7列23层/ [索取号:TK01/R579=2] | 在馆 | |
| 2 | 1443831 | 214438312 | 自科库501/501自科库 135排7列23层/ [索取号:TK01/R579=2] | 在馆 |